US States by Letter Numbers - Statistics

General Stats
  • This quiz has been taken 61 times
  • The average score is 14 of 15
Answer Stats
Code US State % Correct
3 1 12 9 6 15 18 14 9 1 California
100%
1 18 11 1 14 19 1 19 Arkansas
97%
9 4 1 8 15 Idaho
95%
3 15 12 15 18 1 4 15 Colorado
93%
14 5 22 1 4 1 Nevada
93%
20 5 24 1 19 Texas
93%
9 12 12 9 14 15 9 19 Illinois
92%
13 1 19 19 1 3 8 21 19 5 20 20 19 Massachusetts
92%
13 9 14 14 5 19 15 20 1 Minnesota
92%
11 5 14 20 21 3 11 25 Kentucky
90%
15 18 5 7 15 14 Oregon
90%
16 5 14 14 19 25 12 22 1 14 9 1 Pennsylvania
90%
14 5 2 18 1 19 11 1 Nebraska
88%
22 5 18 13 15 14 20 Vermont
88%
14 5 23 10 5 18 19 5 25 New Jersey
85%
No matching quizzes found
Score Distribution
Percent of People with Each Score
Percentile by Number Answered
Your Score History
You have not taken this quiz